[Event "Maia op 7th"]
[Site "Maia"]
[Date "2023.09.01"]
[Round "8"]
[White "Perez Candelario, Manuel"]
[Black "Sokolovsky, Yahli"]
[Result "1-0"]
[WhiteElo "2573"]
[BlackElo "2464"]
[PlyCount "81"]
[EventDate "2023.08.25"]
[EventType "swiss"]
[EventRounds "9"]
[EventCountry "POR"]
[SourceTitle "EXT 2024"]
[Source "ChessBase"]
[SourceDate "2023.10.10"]
[SourceVersion "1"]
[SourceVersionDate "2023.10.10"]
[SourceQuality "1"]

1. e4 e5 2. Nf3 Nc6 3. Bb5 a6 4. Ba4 Nf6 5. 0-0 Be7 6. Re1 b5 7. Bb3 0-0 8. h3 Bb7 9. d3 d5 10. exd5 Nxd5 11. a4 Nd4 12. Nbd2 Bd6 13. Nxd4 exd4 14. Ne4 Nf6 15. Bg5 Be7 16. Bxf6 Bxf6 17. axb5 axb5 18. Rxa8 Bxa8 19. Qh5 Bxe4 20. Rxe4 Qd7 21. g3 c6 22. h4 Ra8 23. Kg2 Rc8 24. Qc5 h6 25. Rf4 Re8 26. Qh5 Qb7 27. Rf5 Qc7 28. Qg6 Kf8 29. Rxf6 gxf6 30. Qxf6 Re1 31. Qxh6+ Kg8 32. Qg5+ Kf8 33. Qf6 Qb7 34. Qd8+ Re8 35. Qd6+ Kg8 36. h5 Kh7 37. Kh2 Qe7 38. Qxc6 Qe2 39. Kg2 Re7 40. Bxf7 Qg4 41. Qf6 1-0

[Event "Titled Tuesday intern op 11th Jul Early"]
[Site "Chess.com INT"]
[Date "2023.07.11"]
[Round "8"]
[White "Perez Candelario, Manuel"]
[Black "Mihailidis, Anastasios"]
[Result "1-0"]
[WhiteElo "2573"]
[BlackElo "2202"]
[PlyCount "80"]
[EventDate "2023.07.11"]
[EventType "swiss (blitz)"]
[EventRounds "11"]
[EventCountry "USA"]
[SourceTitle "EXT 2024"]
[Source "ChessBase"]
[SourceDate "2023.10.10"]
[SourceVersion "1"]
[SourceVersionDate "2023.10.10"]
[SourceQuality "1"]

1. e4 c5 2. Nf3 d6 3. d4 cxd4 4. Nxd4 Nf6 5. Nc3 g6 6. Be3 Bg7 7. f3 0-0 8. Qd2 Nc6 9. 0-0-0 d5 10. Kb1 e5 11. Nxc6 bxc6 12. exd5 cxd5 13. Nxd5 Nxd5 14. Qxd5 Qc7 15. Qxa8 Bf5 16. Qd5 Bxc2+ 17. Ka1 Bxd1 18. Qxd1 Rb8 19. Be2 e4 20. Bc1 Qb6 21. Qb3 Qc7 22. Qc4 Qb6 23. Qc2 a5 24. Rd1 a4 25. a3 h5 26. fxe4 Qb7 27. Bc4 Kh7 28. Ka2 Qa7 29. Rf1 f6 30. Rd1 Rc8 31. Qe2 Qc5 32. Bd5 Rb8 33. Be3 Qe7 34. Bd4 f5 35. Bxg7 Kxg7 36. e5 Kh7 37. e6 Rd8 38. Bc4 Rc8 39. Rd7 Rc7 40. Rxe7+ Rxe7 1-0

[Event "Titled Tuesday intern op 04th Jul Early"]
[Site "Chess.com INT"]
[Date "2023.07.04"]
[Round "7"]
[White "Perez Candelario, Manuel"]
[Black "Makarian, Rudik"]
[Result "1/2-1/2"]
[WhiteElo "2573"]
[BlackElo "2541"]
[PlyCount "129"]
[EventDate "2023.07.04"]
[EventType "swiss (blitz)"]
[EventRounds "11"]
[EventCountry "USA"]
[SourceTitle "EXT 2024"]
[Source "ChessBase"]
[SourceDate "2023.10.10"]
[SourceVersion "1"]
[SourceVersionDate "2023.10.10"]
[SourceQuality "1"]

1. e4 e5 2. Nf3 Nc6 3. d4 exd4 4. Nxd4 Qf6 5. Nb5 Bc5 6. Qe2 Kd8 7. N1c3 Nge7 8. Be3 Bxe3 9. Qxe3 a6 10. Na3 Qd4 11. Qxd4 Nxd4 12. 0-0-0 Ne6 13. Nc4 b5 14. Ne3 Bb7 15. f3 f6 16. Rd2 d6 17. Be2 Kd7 18. Rhd1 Rad8 19. b4 Nc6 20. a3 Kc8 21. Ncd5 Ne5 22. c4 c6 23. Ne7+ Kc7 24. N7f5 Nf7 25. Kb2 g6 26. Nd4 Nxd4 27. Rxd4 h5 28. h4 Rd7 29. c5 Rhd8 30. cxd6+ Rxd6 31. Kc3 Rxd4 32. Rxd4 Rxd4 33. Kxd4 Nd8 34. g4 Ne6+ 35. Kc3 Nf4 36. Bd1 Bc8 37. gxh5 gxh5 38. Kd4 Kd6 39. Bb3 Ng6 40. Bf7 Nxh4 41. Bxh5 Be6 42. f4 Ba2 43. e5+ fxe5+ 44. fxe5+ Kc7 45. Kc5 Be6 46. Kd4 Kb6 47. Bg4 Ba2 48. e6 Ng6 49. Bf5 Ne7 50. Ke5 c5 51. Kd6 cxb4 52. axb4 Nxf5+ 53. Nxf5 a5 54. bxa5+ Kxa5 55. e7 Bf7 56. Kd7 b4 57. Nd4 Kb6 58. e8Q Bxe8+ 59. Kxe8 Kc5 60. Nb3+ Kc4 61. Na5+ Kb5 62. Nb3 Ka4 63. Nd4 Ka3 64. Nc2+ Ka2 65. Nxb4+ 1/2-1/2

[Event "Titled Tuesday intern op 04th Jul Early"]
[Site "Chess.com INT"]
[Date "2023.07.04"]
[Round "4"]
[White "Todorovic, Bojan"]
[Black "Perez Candelario, Manuel"]
[Result "0-1"]
[WhiteElo "2195"]
[BlackElo "2573"]
[PlyCount "98"]
[EventDate "2023.07.04"]
[EventType "swiss (blitz)"]
[EventRounds "11"]
[EventCountry "USA"]
[SourceTitle "EXT 2024"]
[Source "ChessBase"]
[SourceDate "2023.10.10"]
[SourceVersion "1"]
[SourceVersionDate "2023.10.10"]
[SourceQuality "1"]

1. d4 d5 2. c4 e6 3. Nc3 Nf6 4. cxd5 exd5 5. Bg5 Be7 6. e3 h6 7. Bf4 0-0 8. Bd3 b6 9. Qc2 c5 10. Nf3 Bb7 11. 0-0 Nbd7 12. h3 a6 13. Rad1 c4 14. Be2 b5 15. a3 Re8 16. Ne5 Qb6 17. Bf3 Rad8 18. Qf5 Qe6 19. Qxe6 fxe6 20. Nxd7 Rxd7 21. g4 Bc6 22. h4 a5 23. g5 hxg5 24. hxg5 Nh7 25. Bh5 Ra8 26. Bg4 Nf8 27. Ra1 Rda7 28. Kg2 b4 29. Ne2 Kf7 30. Bg3 c3 31. bxc3 bxa3 32. Nf4 Bxg5 33. Nd3 Bf6 34. Rxa3 a4 35. Rb1 Rb7 36. Rxb7+ Bxb7 37. Nc5 Bc6 38. Bd1 Be7 39. Bc7 Bxc5 40. dxc5 Nd7 41. Bd6 Nf6 42. f3 Nd7 43. Kf2 Ra5 44. Ke2 Nxc5 45. Kd2 Nd7 46. Bc2 Ra6 47. Bb4 Bb5 48. Bd1 Nb6 49. Ra2 Nc4+ 0-1

[Event "ESP-chT Rapid"]
[Site "Toledo"]
[Date "2022.09.25"]
[Round "9"]
[White "Ramirez Diaz, Jose Ramon"]
[Black "Perez Candelario, Manuel"]
[Result "0-1"]
[WhiteElo "2187"]
[BlackElo "2566"]
[PlyCount "78"]
[EventDate "2022.09.24"]
[EventType "team-swiss (rapid)"]
[EventRounds "9"]
[EventCountry "ESP"]
[SourceTitle "CBM 210 Extra"]
[Source "ChessBase"]
[SourceDate "2022.11.30"]
[SourceVersion "1"]
[SourceVersionDate "2022.11.30"]
[SourceQuality "1"]
[WhiteTeam "Tomelloso"]
[BlackTeam "Extremadura Magic"]
[WhiteTeamCountry "ESP"]
[BlackTeamCountry "ESP"]

1. e4 c5 2. Nf3 e6 3. b3 a6 4. Bb2 b5 5. d4 cxd4 6. Nxd4 Bb7 7. Bd3 Qc7 8. 0-0 Nf6 9. Re1 Nc6 10. a4 Bc5 11. Nxc6 dxc6 12. e5 Nd5 13. c4 Nb4 14. Be4 bxc4 15. bxc4 a5 16. Nc3 Qb6 17. Qe2 0-0-0 18. Rab1 Rd7 19. Red1 Rhd8 20. Rxd7 Rxd7 21. Rd1 Bd4 22. Bxh7 g6 23. Nd5 Bxf2+ 24. Qxf2 Qxf2+ 25. Kxf2 cxd5 26. cxd5 Bxd5 27. h4 Rc7 28. Rd2 Rc4 29. g3 Kd7 30. Bd4 Nc6 31. Bb2 Rxa4 32. h5 gxh5 33. Bc2 Rb4 34. Bd1 h4 35. g4 Kc7 36. Be2 Rf4+ 37. Kg1 Bc4 38. Bd1 Rf1+ 39. Kh2 Bd5 0-1

[Event "ESP-chT CECLUB Honor"]
[Site "Linares"]
[Date "2022.09.20"]
[Round "4.1"]
[White "Perez Candelario, Manuel"]
[Black "Alonso Rosell, Alvar"]
[Result "1-0"]
[WhiteElo "2566"]
[BlackElo "2564"]
[PlyCount "117"]
[EventDate "2022.09.17"]
[EventType "team-tourn"]
[EventRounds "7"]
[EventCountry "ESP"]
[SourceTitle "CBM 210 Extra"]
[Source "ChessBase"]
[SourceDate "2022.11.30"]
[SourceVersion "1"]
[SourceVersionDate "2022.11.30"]
[SourceQuality "1"]
[WhiteTeam "Extremadura Magic"]
[BlackTeam "Silla 60 Aniversario"]
[WhiteTeamCountry "ESP"]
[BlackTeamCountry "ESP"]

1. e4 e5 2. Nf3 Nc6 3. Bb5 a6 4. Ba4 g6 5. d4 b5 6. Bb3 exd4 7. 0-0 Bg7 8. c3 Na5 9. Bc2 d6 10. cxd4 Nf6 11. Nc3 0-0 12. Re1 Re8 13. Bg5 h6 14. Bh4 g5 15. Bg3 Bg4 16. h3 Bh5 17. e5 dxe5 18. dxe5 Qxd1 19. Bxd1 Nd7 20. Nd5 Bxf3 21. Bxf3 Nxe5 22. Bxe5 Bxe5 23. Ne7+ Rxe7 24. Bxa8 Kf8 25. Rac1 Nc4 26. b3 Nb6 27. Bb7 Bd6 28. Rxe7 Kxe7 29. Bxa6 b4 30. Re1+ Kf6 31. Re8 Nd5 32. Bc4 Nc3 33. Rd8 Kg6 34. g4 Nxa2 35. Rd7 Nc3 36. Bxf7+ Kf6 37. Bc4 Ne4 38. Kg2 Nd2 39. Bg8 Ne4 40. Kf3 Nc5 41. Rd8 Nd3 42. Bc4 Ne5+ 43. Ke4 Ng6 44. f3 Ke7 45. Ra8 Kf6 46. Ra6 Ne5 47. Ra5 Nd7 48. Rf5+ Kg6 49. Kd5 Kg7 50. Kd4 Nf6 51. Be6 Kg6 52. Kc4 Be7 53. Kb5 Kg7 54. f4 Kg6 55. fxg5 hxg5 56. Kc6 Bd6 57. Bc4 Bf4 58. Bd3 Kg7 59. Rb5 1-0

[Event "Maia op 6th"]
[Site "Maia"]
[Date "2022.08.29"]
[Round "5"]
[White "Valderrama Quiceno, Esteban Alberto"]
[Black "Perez Candelario, Manuel"]
[Result "1/2-1/2"]
[WhiteElo "2440"]
[BlackElo "2579"]
[PlyCount "59"]
[EventDate "2022.08.26"]
[EventType "swiss"]
[EventRounds "9"]
[EventCountry "POR"]
[SourceTitle "CBM 210 Extra"]
[Source "ChessBase"]
[SourceDate "2022.11.30"]
[SourceVersion "1"]
[SourceVersionDate "2022.11.30"]
[SourceQuality "1"]

1. Nf3 Nf6 2. g3 d6 3. d4 g6 4. Bg2 Bg7 5. 0-0 0-0 6. c4 Ne4 7. Qc2 f5 8. Rd1 Qe8 9. Nbd2 Nf6 10. e4 e5 11. exf5 gxf5 12. dxe5 dxe5 13. Nh4 e4 14. Nb3 Nc6 15. Be3 Qh5 16. h3 Ne5 17. Nd4 c6 18. Rd2 Ng6 19. Nxg6 hxg6 20. Qd1 Qh8 21. Ne2 Be6 22. Rc1 Bf7 23. Qa4 Bh6 24. Qa3 Rfe8 25. Qc3 Bg7 26. Qa3 a5 27. b3 Qh5 28. Nf4 Qh8 29. Ne2 Qh5 30. Nf4 1/2-1/2

[Event "Maia op 6th"]
[Site "Maia"]
[Date "2022.08.27"]
[Round "3"]
[White "Arenas Vanegas, David"]
[Black "Perez Candelario, Manuel"]
[Result "1/2-1/2"]
[WhiteElo "2421"]
[BlackElo "2579"]
[PlyCount "67"]
[EventDate "2022.08.26"]
[EventType "swiss"]
[EventRounds "9"]
[EventCountry "POR"]
[SourceTitle "CBM 210 Extra"]
[Source "ChessBase"]
[SourceDate "2022.11.30"]
[SourceVersion "1"]
[SourceVersionDate "2022.11.30"]
[SourceQuality "1"]

1. d4 d5 2. c4 e6 3. Nf3 Nf6 4. g3 Be7 5. Bg2 0-0 6. 0-0 c6 7. Bf4 b6 8. Nc3 Ba6 9. cxd5 cxd5 10. Rc1 Bb7 11. Ne5 Nbd7 12. Qb3 Nxe5 13. Bxe5 Qd7 14. Rc2 Rfc8 15. Rfc1 Rc4 16. Nb1 Ba6 17. Na3 Rxc2 18. Rxc2 Rc8 19. Bxf6 gxf6 20. Rxc8+ Qxc8 21. Bf1 Qc6 22. Qc2 Qd7 23. Nb1 f5 24. e3 Bb7 25. Bd3 Kg7 26. Nc3 Bd6 27. Ne2 Qc8 28. Qxc8 Bxc8 29. f3 f6 30. Kf2 Bd7 31. Nf4 h6 32. Nh5+ Kf7 33. Nf4 Ke7 34. Ke2 1/2-1/2

[Event "ESP-ch 87th"]
[Site "Linares"]
[Date "2022.08.15"]
[Round "6"]
[White "Perez Candelario, Manuel"]
[Black "Espinosa Aranda, Angel"]
[Result "1-0"]
[WhiteElo "2579"]
[BlackElo "2426"]
[PlyCount "155"]
[EventDate "2022.08.11"]
[EventType "swiss"]
[EventRounds "9"]
[EventCountry "ESP"]
[SourceTitle "CBM 209 Extra"]
[Source "ChessBase"]
[SourceDate "2022.09.30"]
[SourceVersion "1"]
[SourceVersionDate "2022.09.30"]
[SourceQuality "1"]

1. e4 c5 2. Nf3 e6 3. d4 cxd4 4. Nxd4 a6 5. Bd3 Bc5 6. Nb3 Ba7 7. Nc3 Nc6 8. Qe2 Nge7 9. Be3 0-0 10. 0-0-0 b5 11. h4 b4 12. Na4 d6 13. Bxa7 Rxa7 14. Qe3 Bd7 15. Nb6 a5 16. Bb5 Qb8 17. Nxd7 Rxd7 18. Ba4 Rc7 19. h5 Ne5 20. h6 g6 21. Nd4 d5 22. Kb1 Nc4 23. Qf3 Rb7 24. Rhe1 Qe5 25. Qd3 Qf6 26. exd5 exd5 27. Bb3 Rc7 28. Qg3 Rfc8 29. Bxc4 Rxc4 30. Qe3 Kf8 31. g4 g5 32. b3 Rc3 33. Qe5 Qxe5 34. Rxe5 f6 35. Re6 Ng8 36. f3 Kf7 37. Ra6 R3c5 38. Nf5 Kg6 39. Ra7 R5c7 40. Rxc7 Rxc7 41. Rxd5 Nxh6 42. Nxh6 Kxh6 43. c4 bxc3 44. Rxa5 c2+ 45. Kc1 Kg6 46. b4 h5 47. gxh5+ Kxh5 48. Rc5 Ra7 49. Kb2 Kh4 50. Rxc2 Kg3 51. Rc3 f5 52. Kb3 f4 53. a4 g4 54. fxg4+ Kxg4 55. b5 f3 56. Kb4 Re7 57. Rc1 f2 58. Rf1 Kf3 59. a5 Re1 60. Rxf2+ Kxf2 61. a6 Ke3 62. a7 Ra1 63. b6 Kd4 64. b7 Rb1+ 65. Ka3 Rxb7 66. a8Q Rb5 67. Qc6 Rd5 68. Kb4 Re5 69. Qc4+ Ke3 70. Kc3 Kf3 71. Qh4 Re2 72. Qf6+ Kg3 73. Kd3 Rg2 74. Ke3 Kh2 75. Qh4+ Kg1 76. Kf3 Rg6 77. Qd4+ Kh2 78. Qb2+ 1-0

[Event "ESP-ch 87th"]
[Site "Linares"]
[Date "2022.08.14"]
[Round "5"]
[White "Bernabeu Lopez, Carlos Javier"]
[Black "Perez Candelario, Manuel"]
[Result "0-1"]
[WhiteElo "2421"]
[BlackElo "2579"]
[PlyCount "110"]
[EventDate "2022.08.11"]
[EventType "swiss"]
[EventRounds "9"]
[EventCountry "ESP"]
[SourceTitle "CBM 209 Extra"]
[Source "ChessBase"]
[SourceDate "2022.09.30"]
[SourceVersion "1"]
[SourceVersionDate "2022.09.30"]
[SourceQuality "1"]

1. e4 e6 2. d4 d5 3. Nd2 c5 4. exd5 Qxd5 5. Ngf3 cxd4 6. Bc4 Qd6 7. 0-0 Nf6 8. Nb3 Nc6 9. Nbxd4 Nxd4 10. Nxd4 Be7 11. Nb5 Qc6 12. Qe2 a6 13. Nc3 b5 14. Bd3 Bb7 15. f3 0-0 16. Kh1 Qc7 17. Qf2 b4 18. Ne2 Nd5 19. Qg3 Qxg3 20. Nxg3 a5 21. Rd1 Rfc8 22. Bd2 g6 23. Be4 f5 24. Bxd5 Bxd5 25. c3 Bf6 26. Ne2 a4 27. a3 Bc4 28. Re1 Rd8 29. Be3 bxa3 30. bxa3 Bxe2 31. Rxe2 Bxc3 32. Rc1 Rd3 33. g3 Bg7 34. Bc5 Rc8 35. Kg2 Bf8 36. Rec2 Rxc5 37. Rxc5 Bxc5 38. Rxc5 Rxa3 39. Rc7 Ra2+ 40. Kh3 a3 41. Ra7 h6 42. f4 Kf8 43. Ra8+ Ke7 44. Ra6 Kd7 45. g4 fxg4+ 46. Kxg4 Rxh2 47. Rxa3 Ke7 48. Ra7+ Kf6 49. Ra8 Rb2 50. Rf8+ Kg7 51. Re8 Rb6 52. Ra8 Rb3 53. Ra4 Re3 54. Ra8 h5+ 55. Kh4 Rf3 0-1

[Event "ESP-ch 87th"]
[Site "Linares"]
[Date "2022.08.13"]
[Round "4"]
[White "Perez Candelario, Manuel"]
[Black "Alonso Garcia, Aaron"]
[Result "1/2-1/2"]
[WhiteElo "2579"]
[BlackElo "2369"]
[PlyCount "335"]
[EventDate "2022.08.11"]
[EventType "swiss"]
[EventRounds "9"]
[EventCountry "ESP"]
[SourceTitle "CBM 209 Extra"]
[Source "ChessBase"]
[SourceDate "2022.09.30"]
[SourceVersion "1"]
[SourceVersionDate "2022.09.30"]
[SourceQuality "1"]

1. e4 c5 2. Nf3 e6 3. d4 cxd4 4. Nxd4 Nc6 5. Nc3 Qc7 6. Be3 a6 7. g4 b5 8. Nxc6 Qxc6 9. Qd2 Bb7 10. 0-0-0 Nf6 11. f3 d6 12. g5 Nd7 13. a3 Rc8 14. Rg1 Ne5 15. Qf2 Nc4 16. Bxc4 Qxc4 17. Rd4 Qc7 18. f4 d5 19. exd5 Bxa3 20. Rd3 Bd6 21. dxe6 0-0 22. Rgd1 b4 23. Bb6 Bxf4+ 24. Kb1 Qb8 25. Ba7 Qe5 26. exf7+ Rxf7 27. Rd8+ Rf8 28. Rxf8+ Rxf8 29. Bc5 Rc8 30. Bd6 Qe3 31. Qxf4 Qxf4 32. Bxf4 bxc3 33. bxc3 Bc6 34. Rd6 Bb5 35. Kb2 Kf7 36. Rb6 Re8 37. Bg3 Re6 38. Bd6 Ke8 39. Rb8+ Kf7 40. Rb7+ Ke8 41. Bb4 Rg6 42. h4 h6 43. Re7+ Kd8 44. gxh6 gxh6 45. Rh7 Be2 46. c4 Bxc4 47. Bd2 Rb6+ 48. Ka3 Rc6 49. Bxh6 Be6 50. Bg5+ Ke8 51. Rh8+ Kf7 52. Kb2 Bf5 53. c3 Rb6+ 54. Kc1 Rc6 55. Kd2 Rd6+ 56. Ke3 Rc6 57. Kd4 Be6 58. Rh7+ Kg8 59. Ra7 Bf7 60. Ra8+ Kg7 61. Rb8 Rc4+ 62. Kd3 Rc6 63. Rb4 Bg6+ 64. Kd4 Bf7 65. c4 Rc7 66. Bf4 Rd7+ 67. Kc5 Re7 68. Ra4 Re4 69. Bg5 Rg4 70. Be3 Rxh4 71. Bd4+ Kh7 72. Rxa6 Rh1 73. Rf6 Kg8 74. Rf3 Rc1 75. Bc3 Rh1 76. Kb5 Rb1+ 77. Bb4 Be8+ 78. Ka5 Bc6 79. Rf6 Be4 80. Rf4 Bh1 81. Kb5 Rc1 82. c5 Rc2 83. Kb6 Bd5 84. Be1 Rc1 85. Bf2 Kg7 86. Kc7 Kg6 87. Kd6 Bh1 88. Ke5 Rc2 89. Kd6 Rd2+ 90. Kc7 Rc2 91. Bd4 Kg5 92. Rf8 Be4 93. Kd6 Bg2 94. Be3+ Kg6 95. Ke5 Kg7 96. Rf4 Kg6 97. Rg4+ Kf7 98. Kd6 Kf6 99. Rg3 Be4 100. Rg4 Bg2 101. Rg8 Be4 102. Rf8+ Kg7 103. Rf4 Bg2 104. Ke6 Bh3+ 105. Ke7 Kg6 106. Rf6+ Kh5 107. Kd6 Bg2 108. Ke5 Kg4 109. Rf4+ Kg3 110. Rf6 Kh2 111. Rg6 Kh3 112. Kd4 Bf1 113. Ke4 Bg2+ 114. Kd3 Ra2 115. c6 Ra3+ 116. Kd4 Ra4+ 117. Kc5 Bxc6 118. Rxc6 Kg4 119. Rf6 Re4 120. Bd4 Re8 121. Kd5 Re1 122. Rf8 Re2 123. Rf1 Kg5 124. Be5 Ra2 125. Rf3 Rg2 126. Ke6 Kg4 127. Ra3 Rg1 128. Ra2 Rb1 129. Ra4+ Kf3 130. Kf5 Rb3 131. Rh4 Re3 132. Rh2 Rd3 133. Rh8 Ke3 134. Rh3+ Kd2 135. Rh2+ Ke3 136. Rh1 Kf3 137. Rh2 Ke3 138. Rh4 Kf3 139. Bd4 Kg3 140. Rg4+ Kf3 141. Rf4+ Kg3 142. Bf2+ Kg2 143. Kg4 Rd8 144. Bh4 Rg8+ 145. Bg5 Ra8 146. Rd4 Ra2 147. Rd3 Rc2 148. Bf4 Kf2 149. Re3 Rc8 150. Rh3 Ke2 151. Kf5 Rc5+ 152. Ke4 Rc4+ 153. Ke5 Rc8 154. Kd4 Ra8 155. Be5 Ra4+ 156. Kd5 Rg4 157. Rb3 Rh4 158. Bg3 Ra4 159. Bd6 Rh4 160. Ke5 Ra4 161. Bb4 Ra8 162. Kf4 Re8 163. Bd6 Rh8 164. Ke4 Kd2 165. Rb2+ Kc1 166. Rg2 Rh4+ 167. Kd3 Rh3+ 168. Bg3 1/2-1/2

[Event "Leca da Palmeira op"]
[Site "Leca da Palmeira"]
[Date "2022.08.01"]
[Round "4"]
[White "Martins, Bruno Andre Leite"]
[Black "Perez Candelario, Manuel"]
[Result "1/2-1/2"]
[WhiteElo "2331"]
[BlackElo "2578"]
[PlyCount "59"]
[EventDate "2022.07.31"]
[EventType "swiss"]
[EventRounds "9"]
[EventCountry "POR"]
[SourceTitle "CBM 209 Extra"]
[Source "ChessBase"]
[SourceDate "2022.09.30"]
[SourceVersion "1"]
[SourceVersionDate "2022.09.30"]
[SourceQuality "1"]

1. e4 c5 2. Nf3 e6 3. d4 cxd4 4. Nxd4 a6 5. Bd3 Nf6 6. 0-0 d6 7. c4 Nbd7 8. Nc3 Be7 9. Be3 0-0 10. f4 Re8 11. a3 Bf8 12. b4 g6 13. Rc1 Bg7 14. Nb3 h5 15. Be2 Qe7 16. c5 dxc5 17. bxc5 Rd8 18. Qc2 Ng4 19. Bxg4 hxg4 20. e5 Nf8 21. Ne4 Bd7 22. Na5 Bb5 23. Rfd1 Qc7 24. Nc4 Rxd1+ 25. Rxd1 Nd7 26. Ncd6 Nb6 27. Nc3 Nd7 28. Nce4 Nb6 29. Nc3 Nd7 30. Nce4 1/2-1/2

[Event "POR-chT"]
[Site "Ovar"]
[Date "2022.07.20"]
[Round "7.2"]
[White "Sadhwani, Raunak"]
[Black "Perez Candelario, Manuel"]
[Result "0-1"]
[WhiteElo "2611"]
[BlackElo "2578"]
[PlyCount "82"]
[EventDate "2022.07.16"]
[EventType "team-tourn"]
[EventRounds "9"]
[EventCountry "POR"]
[SourceTitle "CBM 209 Extra"]
[Source "ChessBase"]
[SourceDate "2022.09.30"]
[SourceVersion "1"]
[SourceVersionDate "2022.09.30"]
[SourceQuality "1"]
[WhiteTeam "Gaia"]
[BlackTeam "Montemor o Novo"]
[WhiteTeamCountry "POR"]
[BlackTeamCountry "POR"]

1. e4 e5 2. Nf3 Nc6 3. Bb5 a6 4. Ba4 Nf6 5. 0-0 Nxe4 6. d4 b5 7. Bb3 d5 8. dxe5 Be6 9. c3 Be7 10. Nbd2 Nc5 11. Bc2 d4 12. Nb3 d3 13. Bb1 Nxb3 14. axb3 Bf5 15. Re1 0-0 16. b4 Qd7 17. h3 Rfd8 18. g4 Bg6 19. Bf4 Qc8 20. Ba2 a5 21. bxa5 Nxa5 22. e6 f6 23. h4 c5 24. h5 Be8 25. Nh4 c4 26. Nf5 Qb7 27. Qd2 Rd5 28. b3 Rxf5 29. gxf5 Qf3 30. Qe3 Qxh5 31. Qg3 Bc6 32. f3 Bc5+ 33. Kg2 Be7 34. bxc4 bxc4 35. Qh3 Qxh3+ 36. Kxh3 Bxf3 37. Reb1 g5 38. Bc7 Nb3 39. Bxb3 Rxa1 40. Rxa1 cxb3 41. Kg3 Be4 0-1

[Event "POR-chT"]
[Site "Ovar"]
[Date "2022.07.18"]
[Round "4.5"]
[White "Larkin, Vladislav"]
[Black "Perez Candelario, Manuel"]
[Result "1-0"]
[WhiteElo "2455"]
[BlackElo "2578"]
[PlyCount "125"]
[EventDate "2022.07.16"]
[EventType "team-tourn"]
[EventRounds "9"]
[EventCountry "POR"]
[SourceTitle "CBM 209 Extra"]
[Source "ChessBase"]
[SourceDate "2022.09.30"]
[SourceVersion "1"]
[SourceVersionDate "2022.09.30"]
[SourceQuality "1"]
[WhiteTeam "Estrelas S Joao de Brito"]
[BlackTeam "Montemor o Novo"]
[WhiteTeamCountry "POR"]
[BlackTeamCountry "POR"]

1. e4 e5 2. Nf3 Nc6 3. Bb5 a6 4. Ba4 f5 5. exf5 e4 6. Bxc6 dxc6 7. Qe2 Qe7 8. Nd4 Nh6 9. f6 gxf6 10. Nc3 f5 11. 0-0 Bg7 12. d3 Ng4 13. Nb3 Be5 14. h3 Nf6 15. dxe4 Bxc3 16. bxc3 Qxe4 17. Qd1 Qd5 18. Re1+ Kf7 19. Ba3 Be6 20. Nd4 Rhg8 21. Nf3 Rae8 22. c4 Qxd1 23. Raxd1 Ne4 24. Ne5+ Kg7 25. f3 Ng5 26. Bb2 Kf8 27. Kf2 Nf7 28. g4 Nxe5 29. Rxe5 fxg4 30. hxg4 Rg6 31. Kg3 b6 32. Rh5 Kg8 33. Rd4 c5 34. Re4 Rd8 35. Rhe5 Kf7 36. Bc3 a5 37. Rh5 Kg8 38. a3 a4 39. Kf4 Rf8+ 40. Ke3 Rd8 41. Rh1 Re8 42. Rd1 Rh6 43. Be5 Bxc4 44. Rd7 Rg6 45. Bxc7 Rxe4+ 46. Kxe4 Bb5 47. Rd8+ Kf7 48. Be5 Bc6+ 49. Kf4 Rg8 50. Rd2 Rg6 51. Rh2 Kg8 52. g5 Re6 53. Rd2 Be8 54. Rd8 Kf7 55. Rb8 b5 56. Bf6 Rd6 57. Ke5 Rd2 58. c3 Bc6 59. Rh8 Bxf3 60. Rxh7+ Kg6 61. Rh6+ Kf7 62. g6+ Ke8 63. Rh8+ 1-0